000 00432nam a2200145 a 4500
003 DO-SdBNP
005 20210826141513.0
007 ta
008 110627s1938 000 spa d
040 _aDO-SdBNP
_bspa
_cDO-SdBNP
041 _hspa
245 0 _aDiscurso pronunciado por Doña Amanda Ornes de Perello, directora de la escuela de economía .......
260 _aSantiago, República Dominicana,
_c1938.
942 _2ddc
_cLBS1
999 _c30967
_d30967